[Event "HUN-chT 2122"]
[Site "Hungary"]
[Date "2022.04.10"]
[Round "9.5"]
[White "Tesik, Csaba"]
[Black "Csonka, Balazs"]
[Result "0-1"]
[WhiteElo "2275"]
[BlackElo "2483"]
[PlyCount "118"]
[EventDate "2021.10.10"]
[EventType "team-tourn"]
[EventRounds "9"]
[EventCountry "HUN"]
[SourceTitle "EXT 2023"]
[Source "ChessBase"]
[SourceDate "2022.10.05"]
[SourceVersion "1"]
[SourceVersionDate "2022.10.05"]
[SourceQuality "1"]
[WhiteTeam "Maroczy"]
[BlackTeam "Tungsram ANSK"]
[WhiteTeamCountry "HUN"]
[BlackTeamCountry "HUN"]

1. e4 e5 2. Nf3 Nc6 3. Bb5 a6 4. Ba4 Nf6 5. 0-0 Be7 6. d3 d6 7. c3 0-0 8. Nbd2 Re8 9. Re1 Bf8 10. h3 h6 11. Bxc6 bxc6 12. d4 exd4 13. cxd4 Bb7 14. Qc2 Re6 15. Nb3 Rb8 16. Bd2 Qe8 17. e5 Nd5 18. Rac1 Ba8 19. Qc4 Qc8 20. exd6 Rxe1+ 21. Bxe1 cxd6 22. Na5 Nf4 23. b3 c5 24. dxc5 Nxh3+ 25. Kf1 dxc5 26. Ne5 Qf5 27. Nec6 Rc8 28. gxh3 Qxh3+ 29. Ke2 Bxc6 30. Nxc6 Rxc6 31. Bd2 Qh5+ 32. Kf1 Rd6 33. Ke1 Rg6 34. Be3 Rg1+ 35. Kd2 Rxc1 36. Kxc1 Qh1+ 37. Kd2 Qc6 38. Ke1 h5 39. Qf4 Qg6 40. Qa4 Qd3 41. Bg5 f6 42. Be3 Kf7 43. Bd2 g5 44. Qc6 h4 45. Qb7+ Be7 46. Qc8 Qb1+ 47. Ke2 Qxa2 48. Qb7 Qb2 49. f4 Qd4 50. Be3 Qd6 51. fxg5 fxg5 52. Bxg5 Qe5+ 53. Be3 Qh5+ 54. Kf1 h3 55. Kg1 h2+ 56. Kh1 Qd1+ 57. Kxh2 Qe2+ 58. Kh1 Qxe3 59. Qxa6 Qxb3 0-1

[Event "HUN-chT 2122"]
[Site "Hungary"]
[Date "2022.02.27"]
[Round "7.5"]
[White "Tesik, Csaba"]
[Black "Ruck, Robert"]
[Result "1-0"]
[WhiteElo "2275"]
[BlackElo "2545"]
[PlyCount "65"]
[EventDate "2021.10.10"]
[EventType "team-tourn"]
[EventRounds "9"]
[EventCountry "HUN"]
[SourceTitle "EXT 2023"]
[Source "ChessBase"]
[SourceDate "2022.10.05"]
[SourceVersion "1"]
[SourceVersionDate "2022.10.05"]
[SourceQuality "1"]
[WhiteTeam "Maroczy"]
[BlackTeam "Haladas"]
[WhiteTeamCountry "HUN"]
[BlackTeamCountry "HUN"]

1. e4 c6 2. d4 d5 3. Nc3 dxe4 4. Nxe4 Bf5 5. Ng3 Bg6 6. Bc4 Nf6 7. N1e2 e6 8. 0-0 Bd6 9. Bf4 0-0 10. Qd2 Re8 11. Rad1 Qc7 12. c3 Nbd7 13. Bxd6 Qxd6 14. Nf4 Rad8 15. Rfe1 Re7 16. h4 Rde8 17. h5 Bc2 18. Rc1 Ba4 19. h6 g6 20. Nd3 c5 21. dxc5 Nxc5 22. Qg5 Nfd7 23. Nxc5 Qxc5 24. Qh4 Bc6 25. b4 Qd6 26. Rcd1 Qc7 27. Rxd7 Rxd7 28. Qf6 Kf8 29. Qg7+ Ke7 30. Rxe6+ Kd8 31. Rxe8+ Kxe8 32. Qg8+ Ke7 33. Qxf7+ 1-0

[Event "HUN-chT 2122"]
[Site "Hungary"]
[Date "2021.12.19"]
[Round "4.9"]
[White "Karacsonyi, Gellert"]
[Black "Tesik, Csaba"]
[Result "0-1"]
[WhiteElo "2336"]
[BlackElo "2275"]
[PlyCount "60"]
[EventDate "2021.10.10"]
[EventType "team-tourn"]
[EventRounds "9"]
[EventCountry "HUN"]
[SourceTitle "EXT 2023"]
[Source "ChessBase"]
[SourceDate "2022.10.05"]
[SourceVersion "1"]
[SourceVersionDate "2022.10.05"]
[SourceQuality "1"]
[WhiteTeam "Kobanya Aquarena"]
[BlackTeam "Maroczy"]
[WhiteTeamCountry "HUN"]
[BlackTeamCountry "HUN"]

1. e4 e5 2. Nf3 Nc6 3. Bb5 a6 4. Bxc6 dxc6 5. 0-0 Bd6 6. d4 exd4 7. Qxd4 f6 8. Nbd2 Be6 9. b3 Ne7 10. Nc4 Bxc4 11. Qxc4 Qd7 12. Bb2 Ng6 13. Rad1 0-0-0 14. e5 fxe5 15. Nxe5 Nxe5 16. Bxe5 Rhe8 17. Bxd6 cxd6 18. Qd4 Re6 19. c4 Qe7 20. a4 Kb8 21. Qc3 Qf6 22. Qd3 Qg6 23. Qd2 Qh6 24. Qa5 Rf8 25. b4 Rg6 26. Rd3 Qf4 27. Re3 Qxc4 28. Rfe1 Qc2 29. R3e2 Re6 30. Kf1 Qd3 0-1

[Event "HUN-chT 1920"]
[Site "Hungary"]
[Date "2020.02.02"]
[Round "5.5"]
[White "Tesik, Csaba"]
[Black "Baumegger, Siegfried"]
[Result "0-1"]
[WhiteElo "2287"]
[BlackElo "2433"]
[PlyCount "128"]
[EventDate "2019.11.16"]
[EventType "team-tourn"]
[EventRounds "9"]
[EventCountry "HUN"]
[SourceTitle "CBM 194 Extra"]
[Source "ChessBase"]
[SourceDate "2020.03.31"]
[SourceVersion "1"]
[SourceVersionDate "2020.03.31"]
[SourceQuality "1"]
[WhiteTeam "Maroczy"]
[BlackTeam "Budapest MTK"]
[WhiteTeamCountry "HUN"]
[BlackTeamCountry "HUN"]

1. e4 e6 2. d4 d5 3. Nd2 c5 4. Ngf3 Nc6 5. exd5 exd5 6. Bb5 Qe7+ 7. Be2 Qc7 8. 0-0 Nf6 9. Re1 Be6 10. dxc5 Bxc5 11. Nb3 Bb6 12. Nbd4 0-0 13. c3 Rfe8 14. h3 Ne4 15. Be3 Re7 16. Bd3 Bd7 17. Bc2 Na5 18. Qc1 Rae8 19. Bd3 a6 20. Bf4 Qc8 21. Qc2 Nc6 22. Qb3 Bxd4 23. cxd4 Bxh3 24. gxh3 Qxh3 25. Bxe4 dxe4 26. Ne5 Qxb3 27. axb3 Nxd4 28. Rxe4 f6 29. Rxd4 fxe5 30. Bxe5 Rxe5 31. Rd7 R8e7 32. Rad1 Kf7 33. R1d2 Rxd7 34. Rxd7+ Re7 35. Rd8 Kf6 36. Kg2 Re6 37. Kf3 Rb6 38. Rd3 Rb4 39. Re3 h5 40. Kg3 g5 41. Kg2 Kf5 42. Kg1 h4 43. Kg2 Rd4 44. Re7 b5 45. Ra7 Rd2 46. Rxa6 Rxb2 47. Rb6 Rxb3 48. Rb8 Kg4 49. Rb7 Rb2 50. Rb8 h3+ 51. Kg1 h2+ 52. Kxh2 Rxf2+ 53. Kg1 Rb2 54. Rd8 b4 55. Rd4+ Kf3 56. Rd3+ Kf4 57. Rd4+ Ke5 58. Rg4 Kf5 59. Rd4 g4 60. Rc4 Kg5 61. Rd4 Kh4 62. Rd3 b3 63. Rc3 g3 64. Rc8 Rc2 0-1

[Event "HUN-chT 1819"]
[Site "Hungary"]
[Date "2019.03.31"]
[Round "7.5"]
[White "Gledura, Benjamin"]
[Black "Tesik, Csaba"]
[Result "1-0"]
[WhiteElo "2622"]
[BlackElo "2317"]
[PlyCount "79"]
[EventDate "2018.11.17"]
[EventType "team-tourn"]
[EventRounds "9"]
[EventCountry "HUN"]
[SourceTitle "CBM 189 Extra"]
[Source "ChessBase"]
[SourceDate "2019.06.03"]
[SourceVersion "1"]
[SourceVersionDate "2019.06.03"]
[SourceQuality "1"]
[WhiteTeam "Kobanya Aquarena"]
[BlackTeam "Maroczy"]
[WhiteTeamCountry "HUN"]
[BlackTeamCountry "HUN"]

1. e4 c5 2. Nf3 e6 3. g3 Nc6 4. Bg2 Nf6 5. Qe2 d6 6. 0-0 Be7 7. c3 0-0 8. d4 d5 9. e5 Nd7 10. Rd1 Nb6 11. h4 Bd7 12. Bg5 cxd4 13. cxd4 Bxg5 14. hxg5 Rc8 15. Nc3 a6 16. Bf1 Na5 17. Rac1 Na4 18. Qc2 b5 19. Bd3 g6 20. Qb1 Nc4 21. Nxa4 bxa4 22. b3 Rb8 23. Rc3 Na3 24. Qc1 Nb5 25. Rc5 axb3 26. axb3 Rc8 27. b4 Qe7 28. Qf4 Nc3 29. Rc1 Na4 30. Rc7 Rxc7 31. Rxc7 Nb6 32. Nh2 Rc8 33. Rb7 Qxb4 34. Ng4 f5 35. gxf6 Qe1+ 36. Kg2 Rc1 37. f7+ Kf8 38. Qh6+ Kxf7 39. Qxh7+ Kf8 40. Qh8+ 1-0

[Event "Zalakaros op 35th"]
[Site "Zalakaros"]
[Date "2016.06.03"]
[Round "8"]
[White "Tompa, Janos"]
[Black "Tesik, Csaba"]
[Result "1-0"]
[WhiteElo "2384"]
[BlackElo "2333"]
[PlyCount "37"]
[EventDate "2016.05.27"]
[EventType "swiss"]
[EventRounds "9"]
[EventCountry "HUN"]
[SourceTitle "CBM 172 Extra"]
[Source "ChessBase"]
[SourceDate "2016.06.21"]
[SourceVersion "1"]
[SourceVersionDate "2016.06.21"]
[SourceQuality "1"]

1. e4 e5 2. Nf3 Nc6 3. d3 Bc5 4. Be2 Nf6 5. c3 h6 6. b4 Bb6 7. b5 Na5 8. Nxe5 d5 9. Ba3 dxe4 10. d4 Be6 11. 0-0 Nd7 12. Nxd7 Qxd7 13. Nd2 f5 14. Bb4 a6 15. bxa6 bxa6 16. Bh5+ Bf7 17. Bxf7+ Qxf7 18. Bxa5 Bxa5 19. Qa4+ 1-0

[Event "Zalakaros op 35th"]
[Site "Zalakaros"]
[Date "2016.05.28"]
[Round "2"]
[White "Tesik, Csaba"]
[Black "Del Rio de Angelis, Salvador Gabriel"]
[Result "1/2-1/2"]
[WhiteElo "2333"]
[BlackElo "2541"]
[PlyCount "54"]
[EventDate "2016.05.27"]
[EventType "swiss"]
[EventRounds "9"]
[EventCountry "HUN"]
[SourceTitle "CBM 172 Extra"]
[Source "ChessBase"]
[SourceDate "2016.06.21"]
[SourceVersion "1"]
[SourceVersionDate "2016.06.21"]
[SourceQuality "1"]

1. e4 e6 2. d4 d5 3. Nd2 c5 4. Ngf3 cxd4 5. Nxd4 Nf6 6. exd5 Nxd5 7. N2f3 Bb4+ 8. Bd2 0-0 9. c4 Bxd2+ 10. Qxd2 Nf6 11. Be2 e5 12. Nb5 Nc6 13. 0-0 e4 14. Nfd4 a6 15. Rfd1 axb5 16. Nxc6 Qxd2 17. Ne7+ Kh8 18. Rxd2 Be6 19. Nd5 Rfd8 20. Rdd1 Nxd5 21. cxd5 Rxd5 22. Rxd5 Bxd5 23. Bxb5 g6 24. a3 Rc8 25. h3 Rc2 26. Rd1 Bb3 27. Rd4 Rxb2 1/2-1/2

[Event "Zalakaros op 35th"]
[Site "Zalakaros"]
[Date "2016.05.27"]
[Round "1"]
[White "Horvath, Jozsef"]
[Black "Tesik, Csaba"]
[Result "1/2-1/2"]
[WhiteElo "2528"]
[BlackElo "2333"]
[PlyCount "63"]
[EventDate "2016.05.27"]
[EventType "swiss"]
[EventRounds "9"]
[EventCountry "HUN"]
[SourceTitle "CBM 172 Extra"]
[Source "ChessBase"]
[SourceDate "2016.06.21"]
[SourceVersion "1"]
[SourceVersionDate "2016.06.21"]
[SourceQuality "1"]

1. Nf3 Nf6 2. c4 g6 3. b3 Bg7 4. Bb2 0-0 5. g3 d6 6. Bg2 e5 7. Nc3 Re8 8. 0-0 c6 9. Rc1 e4 10. Nd4 Nbd7 11. Nc2 Nc5 12. Ne3 a5 13. d4 exd3 14. exd3 Ne6 15. d4 Ng5 16. Qd3 Bh3 17. Bxh3 Nxh3+ 18. Kh1 Ng5 19. Rc2 Qd7 20. f3 Qh3 21. Rg2 Re7 22. d5 Nd7 23. dxc6 bxc6 24. Ncd1 Bxb2 25. Nxb2 Rae8 26. Nbd1 Qe6 27. f4 Ne4 28. f5 Ndc5 29. Qc2 Qe5 30. Ng4 Qd4 31. fxg6 hxg6 32. Qc1 1/2-1/2

[Event "HUN-chT 1516"]
[Site "Hungary"]
[Date "2015.11.08"]
[Round "2"]
[White "Fogarasi, Tibor"]
[Black "Tesik, Csaba"]
[Result "1/2-1/2"]
[WhiteElo "2375"]
[BlackElo "2312"]
[PlyCount "32"]
[EventDate "2015.11.07"]
[EventType "team-tourn"]
[EventRounds "11"]
[EventCountry "HUN"]
[SourceTitle "CBM 169 Extra"]
[Source "ChessBase"]
[SourceDate "2015.12.18"]
[SourceVersion "1"]
[SourceVersionDate "2015.12.18"]
[SourceQuality "1"]
[WhiteTeam "Penzugyor"]
[BlackTeam "Csuti"]
[WhiteTeamCountry "HUN"]
[BlackTeamCountry "HUN"]

1. e4 e5 2. Nf3 Nc6 3. Bb5 a6 4. Ba4 Nf6 5. d3 d6 6. c3 Bd7 7. 0-0 g6 8. Bg5 h6 9. Bh4 Bg7 10. Nbd2 0-0 11. Bb3 Be6 12. Bxe6 fxe6 13. d4 exd4 14. Nxd4 Qd7 15. Nxc6 Qxc6 16. Bxf6 Rxf6 1/2-1/2

[Event "Budapest FS08 GM"]
[Site "Budapest"]
[Date "2014.08.09"]
[Round "8"]
[White "Tesik, Csaba"]
[Black "Englert, Fabian"]
[Result "0-1"]
[WhiteElo "2327"]
[BlackElo "2304"]
[PlyCount "54"]
[EventDate "2014.08.02"]
[EventType "tourn"]
[EventRounds "10"]
[EventCountry "HUN"]
[EventCategory "7"]
[SourceTitle "CBM 161 Extra"]
[Source "ChessBase"]
[SourceDate "2014.08.29"]
[SourceVersion "1"]
[SourceVersionDate "2014.08.29"]
[SourceQuality "1"]

1. e4 c5 2. Nf3 d6 3. d4 cxd4 4. Nxd4 Nf6 5. Nc3 g6 6. Be3 Bg7 7. f3 0-0 8. Bc4 Nc6 9. Qd2 Bd7 10. 0-0-0 Rb8 11. h4 b5 12. Bb3 Na5 13. Kb1 Nc4 14. Bxc4 bxc4 15. Ka1 h5 16. Nde2 Qa5 17. Bh6 Bxh6 18. Qxh6 Rb4 19. Nd5 Nxd5 20. Rxd5 Qb6 21. Nf4 Qe3 22. Rxh5 gxh5 23. Qg5+ Kh7 24. Qxh5+ Kg7 25. Qg5+ Kh7 26. Qh5+ Kg7 27. Nd5 Rb5 0-1

[Event "Budapest FS08 GM"]
[Site "Budapest"]
[Date "2014.08.08"]
[Round "7"]
[White "Varga, Zoltan"]
[Black "Tesik, Csaba"]
[Result "1/2-1/2"]
[WhiteElo "2459"]
[BlackElo "2327"]
[PlyCount "74"]
[EventDate "2014.08.02"]
[EventType "tourn"]
[EventRounds "10"]
[EventCountry "HUN"]
[EventCategory "7"]
[SourceTitle "CBM 161 Extra"]
[Source "ChessBase"]
[SourceDate "2014.08.29"]
[SourceVersion "1"]
[SourceVersionDate "2014.08.29"]
[SourceQuality "1"]

1. d4 Nf6 2. c4 e6 3. Nf3 b6 4. a3 Bb7 5. Nc3 d5 6. cxd5 Nxd5 7. e3 Be7 8. Bb5+ c6 9. Nxd5 Qxd5 10. Bd3 0-0 11. 0-0 Nd7 12. e4 Qh5 13. b4 c5 14. bxc5 bxc5 15. Rb1 Nb6 16. a4 Bc6 17. a5 Nd7 18. Ba3 Rfe8 19. d5 exd5 20. Be2 Bd6 21. g3 dxe4 22. Nh4 Qd5 23. Qxd5 Bxd5 24. Bb5 Red8 25. Nf5 Ne5 26. Nxd6 Nf3+ 27. Kg2 Rxd6 28. Rfd1 Rh6 29. g4 Nd4 30. Bxc5 e3+ 31. Kg3 Nxb5 32. Rxb5 e2 33. Re1 Re6 34. Bxa7 Bc6 35. Rb8+ Rxb8 36. Bxb8 Bb5 37. f3 Kf8 1/2-1/2

[Event "Budapest FS08 GM"]
[Site "Budapest"]
[Date "2014.08.05"]
[Round "4"]
[White "Engqvist, Thomas"]
[Black "Tesik, Csaba"]
[Result "1/2-1/2"]
[WhiteElo "2343"]
[BlackElo "2327"]
[PlyCount "108"]
[EventDate "2014.08.02"]
[EventType "tourn"]
[EventRounds "10"]
[EventCountry "HUN"]
[EventCategory "7"]
[SourceTitle "CBM 161 Extra"]
[Source "ChessBase"]
[SourceDate "2014.08.29"]
[SourceVersion "1"]
[SourceVersionDate "2014.08.29"]
[SourceQuality "1"]

1. d4 Nf6 2. c4 g6 3. Nf3 Bg7 4. g3 0-0 5. Bg2 d6 6. 0-0 Nbd7 7. Nc3 e5 8. Qc2 exd4 9. Nxd4 Nb6 10. b3 c5 11. Nf3 Bf5 12. Qd2 d5 13. Nh4 Be6 14. Ba3 dxc4 15. Qxd8 Rfxd8 16. Bxb7 Rab8 17. Bg2 Nfd7 18. Rac1 cxb3 19. axb3 Bxb3 20. Ne4 c4 21. Nf3 a5 22. e3 a4 23. Nd4 Ne5 24. g4 Nd3 25. Nc6 Nxc1 26. Rxc1 Rbc8 27. Ne7+ Kh8 28. Nxc8 Nxc8 29. Bf1 Nb6 30. Bc5 Nd7 31. Bxc4 Nxc5 32. Nxc5 Bb2 33. Bxb3 Bxc1 34. Bxa4 Rc8 35. Nd3 Ba3 36. Kg2 Kg7 37. Bb5 Bd6 38. h3 Kf6 39. Ne1 Rb8 40. Bc4 Rb4 41. Bd5 Rb5 42. Bc4 Rc5 43. Bb3 h5 44. Nf3 hxg4 45. hxg4 Rb5 46. Nd2 Bb4 47. Ne4+ Ke7 48. g5 Ba3 49. Bc4 Rb4 50. Bd5 Bb2 51. Kg3 Be5+ 52. f4 Bb2 53. Kf3 Ra4 54. Nf2 Ra5 1/2-1/2

[Event "Pardubice Czech op-A 25th"]
[Site "Pardubice"]
[Date "2014.07.26"]
[Round "9"]
[White "Semenova, Elena"]
[Black "Tesik, Csaba"]
[Result "1/2-1/2"]
[WhiteElo "2215"]
[BlackElo "2324"]
[PlyCount "197"]
[EventDate "2014.07.18"]
[EventType "swiss"]
[EventRounds "9"]
[EventCountry "CZE"]
[SourceTitle "CBM 161 Extra"]
[Source "ChessBase"]
[SourceDate "2014.08.29"]
[SourceVersion "1"]
[SourceVersionDate "2014.08.29"]
[SourceQuality "1"]

1. e4 c5 2. Nf3 e6 3. d4 cxd4 4. Nxd4 a6 5. Bd3 Nf6 6. 0-0 e5 7. Nb3 Nc6 8. Nc3 d6 9. f4 Be7 10. Nd5 exf4 11. Bxf4 Ng4 12. Be2 Nge5 13. Be3 0-0 14. Bb6 Qd7 15. Nd4 Nxd4 16. Qxd4 Bg5 17. Rad1 Qc6 18. Nb4 Qa4 19. Qxd6 Bg4 20. Bxg4 Nxg4 21. Rfe1 Rae8 22. c3 Ne5 23. Qd5 Re6 24. b3 Qa3 25. Bd4 Rfe8 26. Qxb7 Qb2 27. Bxe5 Rxe5 28. Nd3 Qxc3 29. Nxe5 Qxe5 30. Rd5 Qf6 31. Qd7 Rf8 32. Qf5 Qc3 33. Red1 h6 34. e5 Qc6 35. h3 Qb6+ 36. Kh2 Qe3 37. R1d4 Qe1 38. Rd1 Qe2 39. Rf1 Qxa2 40. e6 Qxb3 41. exf7+ Kh8 42. Qf3 Qxf3 43. Rxf3 Bf6 44. Rd7 Be5+ 45. Kg1 g6 46. Kf2 Kg7 47. Ke3 Bf6 48. Ke4 Rxf7 49. Rxf7+ Kxf7 50. Ra3 h5 51. Rxa6 Kg7 52. Kd5 Bb2 53. Ke6 Bc3 54. Ra7+ Kg8 55. h4 Bb2 56. Rb7 Bc3 57. Rb3 Ba1 58. g4 hxg4 59. Rg3 Kg7 60. Rxg4 Kh6 61. Rg5 Bd4 62. Kf7 Bf2 63. Rxg6+ Kh5 64. Kf6 Kxh4 65. Kf5 Be3 66. Rg4+ Kh3 67. Rc4 Kg3 68. Rc3 Kf3 69. Ra3 Kf2 70. Ke4 Bc5 71. Rf3+ Kg2 72. Kf4 Bf2 73. Kg4 Be1 74. Rf7 Bf2 75. Rb7 Bd4 76. Rc7 Kf2 77. Kf4 Be3+ 78. Ke4 Bb6 79. Rf7+ Kg3 80. Rf3+ Kg2 81. Kf4 Bc7+ 82. Kg4 Bb6 83. Rb3 Bd4 84. Rd3 Bb6 85. Rd2+ Bf2 86. Ra2 Kg1 87. Kf3 Bc5 88. Rg2+ Kh1 89. Rc2 Ba7 90. Rc7 Bd4 91. Rd7 Bc5 92. Kg3 Bb6 93. Rb7 Bc5 94. Rb1+ Bg1 95. Rb2 Bc5 96. Rh2+ Kg1 97. Rd2 Kh1 98. Rh2+ Kg1 99. Rc2 1/2-1/2

[Event "Balaton IM 32nd"]
[Site "Balatonboglar"]
[Date "2014.06.22"]
[Round "10"]
[White "Tesik, Csaba"]
[Black "Habibi, Ali"]
[Result "1/2-1/2"]
[WhiteElo "2336"]
[BlackElo "2252"]
[PlyCount "58"]
[EventDate "2014.06.14"]
[EventType "tourn"]
[EventRounds "10"]
[EventCountry "HUN"]
[EventCategory "1"]
[SourceTitle "EXT 2015"]
[Source "ChessBase"]
[SourceDate "2014.11.20"]
[SourceVersion "1"]
[SourceVersionDate "2014.11.20"]
[SourceQuality "1"]

1. e4 c5 2. Nf3 d6 3. d4 cxd4 4. Nxd4 Nf6 5. Nc3 g6 6. Be3 Bg7 7. f3 0-0 8. Qd2 Nc6 9. Bc4 Bd7 10. 0-0-0 Qa5 11. h4 Rfc8 12. Bb3 Ne5 13. Kb1 Nc4 14. Bxc4 Rxc4 15. Nb3 Qe5 16. Bf4 Qe6 17. Bh6 Bh8 18. Ne2 Rac8 19. Ned4 Qe5 20. c3 Be8 21. Ka1 Nd7 22. h5 Nc5 23. Bf4 Nxb3+ 24. axb3 Qa5+ 25. Kb1 R4c7 26. hxg6 hxg6 27. Bg3 Bg7 28. c4 Qxd2 29. Rxd2 a6 1/2-1/2

[Event "Balaton IM 32nd"]
[Site "Balatonboglar"]
[Date "2014.06.20"]
[Round "8"]
[White "Tesik, Csaba"]
[Black "Banas, Jan"]
[Result "1-0"]
[WhiteElo "2336"]
[BlackElo "2277"]
[PlyCount "55"]
[EventDate "2014.06.14"]
[EventType "tourn"]
[EventRounds "10"]
[EventCountry "HUN"]
[EventCategory "1"]
[SourceTitle "EXT 2015"]
[Source "ChessBase"]
[SourceDate "2014.11.20"]
[SourceVersion "1"]
[SourceVersionDate "2014.11.20"]
[SourceQuality "1"]

1. e4 c5 2. Nf3 e6 3. d4 cxd4 4. Nxd4 a6 5. Nc3 b5 6. Bd3 Qb6 7. Nf3 d6 8. 0-0 Nc6 9. Qe2 Be7 10. Re1 Bb7 11. Bf4 Rd8 12. a4 b4 13. a5 Qa7 14. Na4 Nf6 15. Be3 Qa8 16. Nb6 Qb8 17. Bxa6 Nxe4 18. Bxb7 Qxb7 19. a6 Qc7 20. a7 Nxa7 21. Nd5 exd5 22. Rxa7 Qc8 23. Qb5+ Kf8 24. Bb6 Re8 25. Qxd5 Nf6 26. Rexe7 Rxe7 27. Qxd6 Nd5 28. Bd8 1-0

[Event "Zalakaros op 33rd"]
[Site "Zalakaros"]
[Date "2014.05.28"]
[Round "6"]
[White "Tesik, Csaba"]
[Black "Almasi, Istvan"]
[Result "1/2-1/2"]
[WhiteElo "2329"]
[BlackElo "2403"]
[PlyCount "105"]
[EventDate "2014.05.23"]
[EventType "swiss"]
[EventRounds "9"]
[EventCountry "HUN"]
[SourceTitle "CBM 160 Extra"]
[Source "ChessBase"]
[SourceDate "2014.07.01"]
[SourceVersion "1"]
[SourceVersionDate "2014.07.01"]
[SourceQuality "1"]

1. e4 e6 2. d4 d5 3. Nc3 Bb4 4. exd5 exd5 5. Bd3 Nc6 6. a3 Bxc3+ 7. bxc3 Qf6 8. Rb1 Nge7 9. Ne2 Ng6 10. 0-0 0-0 11. Be3 Nce7 12. Qd2 h6 13. c4 dxc4 14. Bxc4 b6 15. Bd3 Bb7 16. Nf4 Nh4 17. f3 Nef5 18. Be4 Rae8 19. Bxf5 Nxf5 20. Bf2 Rd8 21. c3 c5 22. Nh5 Qg6 23. Ng3 Nxg3 24. hxg3 cxd4 25. cxd4 h5 26. Qf4 Rc8 27. Rbc1 Qd3 28. Rcd1 Qb3 29. Qg5 Qd5 30. Qd2 Rc7 31. Rfe1 Rfc8 32. Re5 Qb3 33. d5 Qxd1+ 34. Qxd1 Rc1 35. Qxc1 Rxc1+ 36. Kh2 Rd1 37. Re7 Bxd5 38. Rxa7 b5 39. Rd7 Bxf3 40. Rxd1 Bxd1 41. Bd4 Kh7 42. Kg1 g5 43. Kf2 Kg6 44. Bc3 Kf5 45. Bd2 Kg4 46. Bb4 Bb3 47. Be7 f5 48. Bd6 Bd5 49. Bc7 h4 50. gxh4 Kxh4 51. g3+ Kh3 52. Kg1 Kg4 53. Kf2 1/2-1/2